Movies Quiz

Random Movies or Director Quiz
Score 0/100 Timer 15:00
1 Play Today
% Correct
Annie Hall
98.7%
Psycho
97.1%
The Birds
96.8%
A Clockwork Orange
96.6%
Fargo
96.4%
The Godfather
96.2%
2001: A Space Odyssey
96.1%
The Godfather Part II
95.9%
The Big Lebowski
95.3%
No Country For Old Men
95.2%
Vertigo
95.2%
Rear Window
95.2%
O Brother, Where Art Thou?
94.8%
North by Northwest
94.6%
Manhattan
94.4%
Apocalypse Now
94.4%
E.T. The Extra-Terrestrial
94.3%
Jurassic Park
94.3%
Midnight In Paris
94.3%
The Departed
94.1%
Jaws
93.7%
Goodfellas
93.5%
Vicky Cristina Barcelona
93.2%
Schindler's List
93.2%
The Shining
93%
Eyes Wide Shut
93%
Dr. Strangelove or How I Learned to Stop Worrying and Love the Bomb
92.8%
Casino
92.8%
Forrest Gump
92.8%
Full Metal Jacket
92.5%
Gangs of New York
92.3%
Raiders of the Lost Ark
92.1%
Blue Jasmine
92.1%
Saving Private Ryan
92.1%
% Correct
The Wolf of Wall Street
91.8%
Catch Me If You Can
91.6%
Barton Fink
91.6%
Back to the Future
91.6%
Taxi Driver
91.4%
Raging Bull
91.4%
Malcolm X
91.2%
Do the Right Thing
91%
Blue Velvet
90.9%
Mulholland Drive
88.9%
Cast Away
87.8%
Lincoln
87.6%
Twin Peaks: Fire Walk With Me
87.1%
True Grit
86.7%
Eraserhead
86.7%
Strangers on a Train
86.6%
Inside Llewyn Davis
86.2%
Hugo
85.8%
Match Point
85.8%
He Got Game
84.4%
Jungle Fever
84.2%
The Hudsucker Proxy
84.2%
Mo' Better Blues
84.2%
The Elephant Man
84.1%
Mean Streets
84.1%
The Purple Rose of Cairo
84.1%
Who Framed Roger Rabbit?
84.1%
Rope
83.9%
Barry Lyndon
83.3%
The King of Comedy
82.6%
The 39 Steps
82.3%
Blood Simple
82.1%
Bram Stoker's Dracula
81.9%
Spartacus
81.7%
% Correct
Lolita
81.7%
The Polar Express
81.4%
Miller's Crossing
81.4%
Minority Report
80.8%
Dune
79.6%
To Catch a Thief
78.1%
The Adventures of Tintin: The Secret of the Unicorn
77.8%
25th Hour
76.7%
Da Sweet Blood of Jesus
76.3%
The Conversation
75.6%
Lost Highway
75.4%
Inside Man
72.9%
Paths of Glory
71.5%
Flight
71.1%
Summer of Sam
71%
Wild at Heart
70.8%
Spellbound
70.3%
Romancing the Stone
69.9%
Peggy Sue Got Married
68.3%
The Outsiders
68.3%
Death Becomes Her
67.7%
Beowulf
66.8%
Clockers
64.5%
Inland Empire
64.2%
The Rainmaker
62%
You Will Meet a Tall Dark Stranger
61.3%
Anything Else
60.9%
Jack
59.9%
Whatever Works
59.7%
What Lies Beneath
59.7%
The Straight Story
57.3%
Finian's Rainbow
50.9%
Remove Ads.
Support Sporcle.
Get the best of Sporcle when you Go Orange. This ad-free experience offers more features, more stats, and more fun while also helping to support Sporcle. Thank you for becoming a member.

You're not logged in!

Compare scores with friends on all Sporcle quizzes.
OR
Log In

Show Comments

Extras

Top Quizzes Today


Score Distribution

Your Account Isn't Verified!

In order to create a playlist on Sporcle, you need to verify the email address you used during registration. Go to your Sporcle Settings to finish the process.

Report this User

Report this user for behavior that violates our Community Guidelines.

Details: